| 000 | 00957nam a2200313 i 4500 | ||
|---|---|---|---|
| 001 | bg | ||
| 100 | 1 |
_aAjdukiewicz, Kazimierz _d(1890-1963). |
|
| 245 | 1 | 0 |
_aZagadnienia i kierunki filozofii : _bteoria poznania, metafizyka / _cKazimierz Ajdukiewicz ; wstęp Jan Woleński. |
| 250 | _aWyd. 4 popr. | ||
| 260 |
_aKęty : _bWydawnictwo Antyk ; _aWarszawa : _bFundacja Aletheia, _c2004. |
||
| 300 |
_a150, [1] s. ; _c22 cm. |
||
| 490 | 1 | _aDaimonion | |
| 500 | _aPodstawa wyd. "Czytelnik" 1983 | ||
| 650 | 9 | _aTeoria poznania | |
| 650 | 9 | _aMetafizyka | |
| 700 | 1 |
_aWoleński, Jan _d(1940- ). _ePrzedm. |
|
| 830 | _aDaimonion | ||
| 020 | _a8389372029 | ||
| 020 | _a8388524275 | ||
| 040 | _cBPK | ||
| 041 | 0 | _apol | |
| 044 | _aPOL | ||
| 080 | _a165+111 | ||
| 920 | _a83-89372-02-9 | ||
| 920 | _a83-88524-27-5 | ||
| 942 | _cKS | ||
| 008 | s pl f |000 0 pol | ||
| 999 |
_c55283 _d55283 |
||
| 856 |
_uhttp://koha.tu.koszalin.pl/cgi-bin/koha/opac-detail.pl?biblionumber=55283 _yKatalog online BPK |
||